| 000 | 01346cam a2200265 4500 | ||
|---|---|---|---|
| 001 | WB@3612-170 | ||
| 008 | 040708n2004 000 0 eng u | ||
| 035 | _a(Sirsi) u126740 | ||
| 245 | _aBarcelona office market | ||
| 260 | _c2004 | ||
| 490 |
_aFPD Savills Research _v June 2004 (1) |
||
| 520 | _aKey findings of FPD Savills latest report on the Barcelona office market reveal that increasing tenant demand from the end of last year is steady through the first five months of 2004 and the upward trend is expected to continue over the year. However the overall vacancy rate at the end of 2003 grew to approximately 7.5%, as demand has not been strong enough to keep up with the pace of the development completions. Some out-of-town locations have vacancy rates of 20%. The investment market is being driven by redevelopment opportunities, especially office conversions to residential and hotels. "Barcelona office market" is available to download at http://www.fpdsavills.co.uk/research.asp. | ||
| 590 | _aWB | ||
| 590 | _aWB | ||
| 650 | _aBARCELONA | ||
| 650 | _aOFFICE MARKET | ||
| 650 | _aTENANT DEMAND | ||
| 650 | _aOFFICE VACANCY RATES | ||
| 650 | _aOUT-OF-TOWN DEVELOPMENTS | ||
| 650 | _aINVESTMENT MARKET | ||
| 650 | _aHOTELS | ||
| 650 | _aOFFICE CONVERSIONS | ||
| 690 | _aCOMMERCIAL PROPERTY-MARKET | ||
| 942 | _n0 | ||
| 999 |
_c117672 _d117672 |
||